00354cam a2200157ua 45000010005000000080039000050400009000440410012000530410008000650820012000731000017000852450022001022600041001243000009001656530022001749124181008n1997 II |||gr||||Z||||||eng aMAIN aEnglish aeng a320 BAS aBASU, RUMKI. aTHE UNITED NATION aNEW DELHIbSTERLING PUBLISHERSc1997 a412. aPolitical science